000 00322 a2200157 4500
001 161652
020 _a
040 _cMagnum
100 _aRocha, Ruth
240 1 0 _aJoaozinho e o pe de feijao
_lpor
245 1 0 _aJoaozinho e o pe de feijao
362 0 _a1899
440 1 _aFTD
697 _aIJ/CONTOS
942 _cBK
999 _c161652
_d161652